| 000 | 00758nam a22002777a 4500 | ||
|---|---|---|---|
| 001 | 00748 | ||
| 003 | DO-SdBNP | ||
| 005 | 20220922120448.0 | ||
| 007 | 00748 | ||
| 008 | 160711b 2004 xx |00| 0 spa d | ||
| 040 |
_aBPMSU _bspa _cBPMSU |
||
| 082 |
_a843.8 _bV531vu 2004 _222 |
||
| 100 | 1 |
_aVerne, Julio _d1828-1905. |
|
| 245 | 1 | 3 |
_aLa vuelta al mundo en 80 días / _cJulio Verne |
| 260 |
_a[s. n.] : _bExtremadura, _c2004. |
||
| 300 |
_a254 p. ; _c18 cm. |
||
| 490 | 0 | _aBiblioteca de aventuras. | |
| 590 | _6Inventariado, 2022/VM | ||
| 650 | 4 | _aNovela francesa | |
| 650 | _2Literatura juvenil | ||
| 650 | 4 |
_aPersonajes históricos _vCaricaturas _2 |
|
| 650 | _2Novela de aventuras | ||
| 700 |
_a _e |
||
| 910 | _aVMateo V./Validado | ||
| 942 |
_2ddc _cBK |
||
| 999 |
_c10696 _d10696 |
||